000 00584nam a2200229Ia 4500
003 OSt
005 20220924152003.0
006 a|||||r|||| 00| 0
007 ta
008 220923b |||||||| |||| 00| 0 mar d
024 _a340256
037 _cTextual
040 _aARTS
_cARTS
_bmar
041 _2mar
_amar
082 _aO155,2M981,1, J0
100 _aAtre P.K. Au.
_9192050
245 0 _aParacha kavala
260 _c1950
650 _aMARATHI LITERATURE
_938000
942 _hO155,2M981,1, J0
_cTEXL
_2CC
999 _c468319
_d468319